000 00734 a2200145 4500
003 Nust
005 20230207124823.0
040 _cNust
082 _a959.3043,DIS
245 _aA Distant Challenge:
_cThe US Infantrayman in Vietnam 1967-70 /
260 _aAlabama
_bBirmingham
_c1971
300 _axiii,400p;
505 _a1967, Carrying the Momentum (Page-5), Searching for the Enemy (Page-27), Getting it Together (Page-47), 1968, Tet Offensive (Page-93), Allies on the Offensive (Page-137), To Build an Army (Page-169), 1969, to Know the Enemy (Page-199), Changing Tactics (Page-227), Keeping the Pressure on (Page-267),1970, Vienamization (page-297)m The Varied Scene (Page-317),The Changing Tide (Page-333).
942 _2ddc
_cBK
999 _c194065
_d194065